| 000 | 01274cam a2200385 a 4500 | ||
|---|---|---|---|
| 999 |
_c7498 _d7498 |
||
| 001 | 991047259409706706 | ||
| 003 | OSt | ||
| 005 | 20211203124805.0 | ||
| 008 | 121218s2012 spc ||| |||| 000 0 spa|c | ||
| 015 |
_aLL2013 _2bnc |
||
| 017 |
_aDL B. 31323-2012 _bBiblioteca de Catalunya |
||
| 020 | _a9788498884739 | ||
| 035 | _a(ES-BaCBU)b53940246-34csuc_network | ||
| 035 | _a(ES-BaCBU).b53940246 | ||
| 035 | _a(ccuc001)b53940246 | ||
| 035 | _a(OCoLC)1120611198 | ||
| 040 |
_aES-BaCBU _bcat _cCDMR _dES-BaBC |
||
| 080 | _a070:17 | ||
| 100 | 1 | _aSerrano, Pascual. | |
| 245 | 1 | 0 |
_aPeriodismo canalla : _blos medios contra la información / _cPascual Serrano |
| 260 |
_aBarcelona : _bIcaria, _c2012 |
||
| 300 |
_a93 p. ; _c18 cm |
||
| 490 |
_aA saco; _v15 |
||
| 504 | _aReferències bibliogràfiques | ||
| 650 | 7 |
_aDesinformació _2lemac |
|
| 650 | 7 |
_aPeriodisme _xObjectivitat _2lemac |
|
| 650 | 7 |
_aMitjans de comunicació de massa _xAspectes ètics i morals _2lemac |
|
| 650 | 7 |
_aÈtica periodística _2lemac |
|
| 650 | 7 |
_aMitjans de comunicació de massa _xObjectivitat _2lemac |
|
| 830 | 0 |
_aIcaria asaco ; _v15 |
|
| 907 |
_a.b53940246 _b17-02-21 _c18-12-12 _d29-01-13 _em _fa _g- _hspa _ispc _j0 _k0 |
||
| 908 |
_aUAB _aURL _aBC _aUdL |
||
| 940 | _aBC | ||
| 942 |
_2udc _cMON |
||